000 00869cab a2200265 4500
001 WB2901-40
008 090401t1993 xxu||||| |||| 00| 0 eng d
035 _a(Sirsi) u18448
041 _aeng
245 2 _aA new kind of viewing
260 _c1993
350 _a0
490 _aDaily Telegraph
_v6 January 1993, 24(1)
520 _aInteractive computer graphics on video are likely to transform the marketing of houses in the next ten years, with purchasers able to view prospective new properties at home and even, in some cases, contribute to their design.
650 _aBROCHURES
650 _aCOMPUTER AIDED DESIGN
650 _aCOMPUTERS
650 _aHOUSE PURCHASE
650 _aMARKETING
650 _aNEW HOUSES
690 _aHOUSING
690 _aMANAGEMENT-BUSINESS MANAGEMENT-INFORMATION MANAGEMENT
942 _n0
948 _c04/03/1997
999 _c12263
_d12263